LEADER 03046nam 2200673Ia 450 001 9910462532103321 005 20200520144314.0 010 $a1-283-59945-7 010 $a9786613911902 010 $a0-7391-4679-3 035 $a(CKB)2670000000241720 035 $a(EBL)1021895 035 $a(OCoLC)817812577 035 $a(SSID)ssj0000711772 035 $a(PQKBManifestationID)12330361 035 $a(PQKBTitleCode)TC0000711772 035 $a(PQKBWorkID)10693801 035 $a(PQKB)10866025 035 $a(SSID)ssj0001148567 035 $a(PQKBManifestationID)12443502 035 $a(PQKBTitleCode)TC0001148567 035 $a(PQKBWorkID)11144272 035 $a(PQKB)11191916 035 $a(MiAaPQ)EBC1021895 035 $a(Au-PeEL)EBL1021895 035 $a(CaPaEBR)ebr10602203 035 $a(CaONFJC)MIL391190 035 $a(EXLCZ)992670000000241720 100 $a20100528d2011 uy 0 101 0 $aeng 135 $aur|n|---||||| 181 $ctxt 182 $cc 183 $acr 200 14$aThe religion clauses of the First Amendment$b[electronic resource] $eguarantees of states' rights? /$fEllis M. West 210 $aLanham, Md. $cLexington Books$dc2011 215 $a1 online resource (217 p.) 300 $aDescription based upon print version of record. 311 $a0-7391-4678-5 311 $a0-7391-4677-7 320 $aIncludes bibliographical references and index. 327 $aContents; Preface; 1 Introduction; 2 Clarification of the Issue; 3 A Critical Analysis of the Federalist Interpretation; 4 The Ratification Debate and Proposed Religion Clauses; 5 The Drafting of the Religion Clauses; 6 Were the Framers Hopelessly Divided over the Issue of Government and Religion?; 7 The Early American Understanding of the Religion Clauses; 8 The Federalist Interpretation of the Religion Clauses: A Concluding Assessment; Bibliography; Index 330 $aWere the religion clauses of the First Amendment intended to protect individuals' right to religious freedom and equality or the states' traditional right to legislate on religion? This book examines all the arguments and historical evidence relating to this question, and demonstrates, contrary to the views of some scholars and Supreme Court justices, that the clauses were sought, drafted, and originally understood not as guarantees of states' rights but as normative restraints on the national government's power over religion. 606 $aChurch and state$zUnited States 606 $aFreedom of religion$zUnited States 606 $aStates' rights (American politics) 608 $aElectronic books. 615 0$aChurch and state 615 0$aFreedom of religion 615 0$aStates' rights (American politics) 676 $a342.7303 700 $aWest$b Ellis McKinney$f1936-$0854458 801 0$bMiAaPQ 801 1$bMiAaPQ 801 2$bMiAaPQ 906 $aBOOK 912 $a9910462532103321 996 $aThe religion clauses of the First Amendment$91908178 997 $aUNINA LEADER 01579nam 2200421Ia 450 001 9910700564403321 005 20110712104610.0 035 $a(CKB)5470000002410352 035 $a(OCoLC)733820539 035 $a(EXLCZ)995470000002410352 100 $a20110630d2011 ua 0 101 0 $aeng 135 $aurmn||||||||| 181 $ctxt$2rdacontent 182 $cc$2rdamedia 183 $acr$2rdacarrier 200 10$aEmployees with fibromyalgia$b[electronic resource] /$fauthored by Beth Loy 210 1$a[Washington, D.C.] :$cU.S. Dept. of Labor, Office of Disability Employment Policy ;$aMorgantown, WV :$cJob Accommodation Network,$d[2011] 215 $a1 online resource (12 pages) 225 1 $aAccommodation and compliance series 300 $aTitle from title screen (viewed on June 30, 2011). 300 $a"Updated 04/19/11." 320 $aIncludes bibliographical references (page 11). 606 $aFibromyalgia$zUnited States 606 $aFasciae (Anatomy)$xInflammation$zUnited States 606 $aPeople with disabilities$xEmployment$xGovernment policy$zUnited States 615 0$aFibromyalgia 615 0$aFasciae (Anatomy)$xInflammation 615 0$aPeople with disabilities$xEmployment$xGovernment policy 700 $aLoy$b Beth$g(Beth Ann)$01387278 712 02$aUnited States.$bOffice of Disability Employment Policy. 712 02$aJob Accommodation Network (U.S.) 801 0$bGPO 801 1$bGPO 906 $aBOOK 912 $a9910700564403321 996 $aEmployees with fibromyalgia$93534815 997 $aUNINA